000 00655nam a2200181Ia 4500
008 090124s9999 xx 000 0 und d
082 _b27848
_a565
100 _aकुळकर्णी सुर्यकांत
245 _a महाराष्ट्र परिचय सूची
250 _a0
260 _c1994
300 _a134
600 _aकुळकर्णी सुर्यकांत
630 _a महाराष्ट्र परिचय सूची
700 _aकुळकर्णी सुर्यकांत
730 _a महाराष्ट्र परिचय सूची
942 _cBOOK
999 _c141310
_d141310